000 00480 a2200181 4500
003 Nust
005 20230131131146.0
010 _a37037593
040 _cNust
082 _a808.83,MOR
100 _aMorris, Walter Frederick
_9108231
245 _aNo turning back /
_cW. F. Morris,
260 _aLondon
_bM. Joseph, ltd
_c1937
300 _a303, [1] p
_b19 cm
600 _aMorris, Walter Frederick
_9108231
650 _aNo turning back.
_9108232
942 _2ddc
_cBK
_k808.83,MOR
999 _c186432
_d186432